Slovenská národní strana a volby 2002 do Národní rady Slovenské republiky
Charakteristika Slovenskej národnej strany. Jej historický vznik, spoluzakladatelia, vnútorné problémy a neúspech vo voľbách 2002.
Na minha lista:
| Autor principal: | |
|---|---|
| Formato: | Capítulo de Livro |
| Idioma: | tcheco |
| Assuntos: | |
| Tags: |
Sem tags, seja o primeiro a adicionar uma tag!
|
MARC
| LEADER | 00000naa a2200000 4500 | ||
|---|---|---|---|
| 001 | r047207 | ||
| 005 | 20231003115310.4 | ||
| 041 | 0 | |a cze | |
| 044 | |a CZ | ||
| 245 | 1 | 0 | |a Slovenská národní strana a volby 2002 do Národní rady Slovenské republiky |c Milan Lupták |
| 520 | |a Charakteristika Slovenskej národnej strany. Jej historický vznik, spoluzakladatelia, vnútorné problémy a neúspech vo voľbách 2002. | ||
| 610 | 2 | 0 | |a politika |
| 610 | 2 | 0 | |a strany opozičné |
| 610 | 2 | 0 | |a strany politické |
| 610 | 2 | 0 | |a strany vládne |
| 610 | 2 | 0 | |a voľby |
| 610 | 2 | 0 | |a história |
| 610 | 2 | 0 | |a Slovensko |
| 610 | 2 | 0 | |a nacionalizmus |
| 610 | 2 | 0 | |a 2002 |
| 100 | 1 | |a Lupták, Milan | |